| 000 | 00000nas##2200000za#4500 |
| 001 | 9.503975 |
| 003 | CaOODSP |
| 005 | 20200325094355 |
| 007 | cr ||||||||||| |
| 008 | 150406c2001||||xxc|| p o||||f| |0fre|d |
| 040 | |aCaOODSP|bfre |
| 043 | |an-cn--- |
| 086 | 1 |aRH1-2F-PDF |
| 110 | 1 |aCanada.|bDéveloppement des ressources humaines Canada. |
| 245 | 10|aStratégie du développement durable ... de Développement des ressources humaines Canada |h[ressource électronique] |
| 260 | |aHull - Québec : |bDéveloppement des ressources humaines Canada |c[1997-2004]. |
| 310 | |aTous les trois ans |
| 500 | |aDescription d'après: II (2001). |
| 691 | 07|aAdministration publique|2gcpds |
| 691 | 07|aDéveloppement durable|2gcpds |
| 775 | 08|tHuman Resources Development Canada's sustainable development strategy |w(CaOODSP)9.507589 |